000
00322 a2200157 4500
001
169691
020
_a
040
_c
Magnum
100
_a
Medeiros, Ronaldo
240
1
0
_a
Guia pratico do emprego
_l
por
245
1
0
_a
Guia pratico do emprego
362
0
_a
1899
440
1
_a
Ediouro
697
_a
GERAL
942
_c
BK
999
_c
169691
_d
169691